| 000 | 01611namaa22003131i 4500 | ||
|---|---|---|---|
| 005 | 20260412104212.0 | ||
| 008 | 260308s1994 ua a|||fr|m|| 000 0 eng d | ||
| 040 |
_aEG-GICUC _beng _cEG-GICUC _dEG-GICUC _erda |
||
| 041 | 0 |
_aeng _beng _bara |
|
| 049 | _aDeposit | ||
| 097 | _aPh.D | ||
| 099 | _aCai01.11.03.Ph.D.1994.Da.S | ||
| 100 | 0 |
_aDalia Mohamed -Talaat Abdel- Aziz, _epreparation. |
|
| 245 | 1 | 0 |
_aSerum angiotensin converting enzyme (ACE) activities plasma fibronectin and serum pro-collagen type 3 levels in active and passive smokers / _cBy Dalia Mohamed -Talaat Abdel- Aziz ; Supervised Prof.Dr. Gamil Amin Tawadrous, Prof.Dr. Maha Mohamed Kamel |
| 246 | 1 | 5 | _aنشاط انزيم مغير الانجيوتنسين وتركيز البروكولاجين النوع الثالث فى مصل الدم وفيبرونكتين البلازما للمدخنين ومستشفى الدخان |
| 264 | 0 | _c1994. | |
| 300 |
_a215 Leaves : _billustrations ; _c30 cm. + |
||
| 336 |
_2rda content _atext |
||
| 337 |
_2rdamedia _aUnmediated |
||
| 338 |
_2rdacarrier _avolume |
||
| 502 | _aThesis (Ph.D)-Cairo University, 1994 | ||
| 504 | _aBibliography: pages 153 : 215 | ||
| 653 | 0 |
_aSerum angiotensin converting enzyme (ace) _aactivities plasma fibronectin _aactive and passive smokers |
|
| 700 | 0 |
_aGamil Amin Tawadrous _ethesis advisor. |
|
| 700 | 0 |
_aMaha Mohamed Kamel _ethesis advisor. |
|
| 900 |
_DDepartment of Biochemistry _FFaculty of Medicine _UCairo University _b1994 _cGamil Amin Tawadrous _cMaha Mohamed Kamel _dGamil Amin Tawadrous |
||
| 905 |
_aNagat _eNourhan |
||
| 942 |
_2ddc _cTH _e21 _n0 |
||
| 999 | _c178930 | ||